| 000 -LEADER |
| fixed length control field |
01052 a2200253 4500 |
| 020 ## - INTERNATIONAL STANDARD BOOK NUMBER |
| International Standard Book Number |
0123694221 |
| 020 ## - INTERNATIONAL STANDARD BOOK NUMBER |
| International Standard Book Number |
9780123694225 |
| 040 ## - CATALOGING SOURCE |
| Original cataloging agency |
DLC |
| Language of cataloging |
DLC |
| 082 04 - DEWEY DECIMAL CLASSIFICATION NUMBER |
| Classification number |
621.382 |
| 245 00 - TITLE STATEMENT |
| Title |
Mobile broadband multimedia networks: techniques, models and tools for 4G |
| Remainder of title |
techniques, models and tools for 4G |
| Statement of responsibility, etc. |
M. Correia |
| 250 ## - EDITION STATEMENT |
| Edition statement |
1st ed. |
| 260 ## - PUBLICATION, DISTRIBUTION, ETC. |
| Place of publication, distribution, etc. |
Amsterdam ; |
| -- |
Boston : |
| Name of publisher, distributor, etc. |
Elsevier/Academic Press, |
| Date of publication, distribution, etc. |
2006. |
| 300 ## - PHYSICAL DESCRIPTION |
| Extent |
xxviii, 569 p. : |
| Other physical details |
ill. ; |
| Dimensions |
25 cm. |
| 500 ## - GENERAL NOTE |
| General note |
"This book represents the research work of COST 273"--Pref. |
| 500 ## - GENERAL NOTE |
| General note |
"Reprint 2007"--Tp. verso. |
| 650 #0 - SUBJECT ADDED ENTRY--TOPICAL TERM |
| Topical term or geographic name entry element |
Broadband communication systems. |
| 650 #0 - SUBJECT ADDED ENTRY--TOPICAL TERM |
| Topical term or geographic name entry element |
Wireless communication systems. |
| 650 #0 - SUBJECT ADDED ENTRY--TOPICAL TERM |
| Topical term or geographic name entry element |
Breedband. |
| 700 1# - ADDED ENTRY--PERSONAL NAME |
| Personal name |
Correia, Luis M. |
| 710 2# - ADDED ENTRY--CORPORATE NAME |
| Corporate name or jurisdiction name as entry element |
European Cooperation in the Field of Scientific and Technical Research (Organization) |
| 856 42 - ELECTRONIC LOCATION AND ACCESS |
| Materials specified |
Publisher description |
| Uniform Resource Identifier |
<a href="http://www.loc.gov/catdir/enhancements/fy0827/2006922835-d.html">http://www.loc.gov/catdir/enhancements/fy0827/2006922835-d.html</a> |
| 856 42 - ELECTRONIC LOCATION AND ACCESS |
| Materials specified |
Table of contents |
| Uniform Resource Identifier |
<a href="http://www.loc.gov/catdir/toc/fy0803/2006922835.html">http://www.loc.gov/catdir/toc/fy0803/2006922835.html</a> |
| 942 ## - ADDED ENTRY ELEMENTS (KOHA) |
| Koha item type |
Book |
| Call number prefix |
621.38216 COR |
| Source of classification or shelving scheme |
|